Strategic Management of Health care Organization (Record no. 4172)

MARC details
000 -LEADER
fixed length control field 00631nam a22002177a 4500
003 - CONTROL NUMBER IDENTIFIER
control field OSt
005 - DATE AND TIME OF LATEST TRANSACTION
control field 20160526144610.0
008 - FIXED-LENGTH DATA ELEMENTS--GENERAL INFORMATION
fixed length control field 160526b xxu||||| |||| 00| 0 eng d
020 ## - INTERNATIONAL STANDARD BOOK NUMBER
International Standard Book Number 9781405124324
040 ## - CATALOGING SOURCE
Transcribing agency DNLM
082 ## - DEWEY DECIMAL CLASSIFICATION NUMBER
Classification number WA525 S29s 2006
100 ## - MAIN ENTRY--PERSONAL NAME
Personal name Swayne, Linda E.; Duncan, W. Jack; Ginter Peter M.
9 (RLIN) 8993
245 ## - TITLE STATEMENT
Title Strategic Management of Health care Organization
250 ## - EDITION STATEMENT
Edition statement 5th ed.
260 ## - PUBLICATION, DISTRIBUTION, ETC. (IMPRINT)
Place of publication, distribution, etc. USA; Blackwell publishing, 2006
300 ## - PHYSICAL DESCRIPTION
Extent x,888p; col.ill: 25cm
504 ## - BIBLIOGRAPHY, ETC. NOTE
Bibliography, etc Cases, & index included
650 ## - SUBJECT ADDED ENTRY--TOPICAL TERM
Topical term or geographic name as entry element Health management
9 (RLIN) 8816
650 ## - SUBJECT ADDED ENTRY--TOPICAL TERM
Topical term or geographic name as entry element Health care service
9 (RLIN) 8994
942 ## - ADDED ENTRY ELEMENTS (KOHA)
Source of classification or shelving scheme Other/Generic Classification Scheme
Koha item type Open Shelf
Holdings
Withdrawn status Lost status Source of classification or shelving scheme Damaged status Not for loan Home library Current library Date acquired Source of acquisition Inventory number Total Checkouts Full call number Barcode Date last seen Koha item type
    Other/Generic Classification Scheme     MUST Main Library MUST Main Library 26/05/2016   08/30346   WA525 S29s 2006 2016-2156 26/05/2016 Open Shelf
    Other/Generic Classification Scheme     MUST Main Library MUST Main Library 26/05/2016   08/30347   WA525 S29s 2006 2016-2157 26/05/2016 Open Shelf
    Other/Generic Classification Scheme     MUST Main Library MUST Main Library 26/05/2016   08/30348   WA525 S29s 2006 2016-2158 26/05/2016 Open Shelf